000 00343nam a2200157Ia 4500
001 13058
003 IN-NITTTR
005 20251114233122.0
008 251113s9999||||xx |||||||||||||| ||eng||
040 _beng
040 _cIN-NITTTR
041 _aeng
082 _a658 L79G
245 4 _aThe gower handbook of management /
942 _2ddc
_cBK
999 _c15694
_d15694